000 00499nam a2200169 i 4500
001 108838
003 ES-MaACL
005 20230906184723.0
007 t|
008 061121s1900 sp r ||||1| fre d
100 1 _aMousset, Albert.
_983920
245 1 4 _aLes archives du Consulat de la Mer a Bilbao /
_cAlbert Mousset.
260 _aBilbao :
_bLibrería de Carretero,
_c[19__?]
300 _a20 p. ;
_c28 cm.
610 2 4 _aConsulado de Bilbao.
_bArchivo.
_9158554
852 _aES-MaACL
_j1505-F-8
999 _c108838
_d108838